| 000 | 00661nam a22001817a 4500 | ||
|---|---|---|---|
| 003 | BUBTL | ||
| 008 | 190708b xxu||||| |||| 00| 0 eng d | ||
| 020 | _a978-984-92246-5-5 | ||
| 082 | _a891.443 / Iq1a | ||
| 100 |
_91779 _aইকবাল, মুহম্মদ জাফর |
||
| 245 |
_aআমার বন্ধু রাশেদ / _cমুহম্মদ জাফর ইকবাল |
||
| 260 |
_aঢাকা : _bকাকলী প্রকাশনী, _cc1994. |
||
| 300 |
_a110 p. : _c22 cm. |
||
| 650 | 0 |
_91687 _aবাংলা সাহিত্য |
|
| 856 |
_k0 _l0 _yDownload |
||
| 942 |
_2ddc _cBK |
||
| 999 |
_c6096 _d6096 |
||